Marginaux et marginalité: les États-Unis aux XVIIIe et XIXe siècles

Saved in:  
Bibliographic Details
Main Author: Laberge, Danielle (Author)
Format: Print Book
Language:French
Published: Paris [u.a.] Éd. l'Harmattan 1997
In:Year: 1997
Online Access: Table of Contents
Availability in Tübingen:Present in Tübingen.
UB: KB 19 A 6209
Check availability: HBZ Gateway
Subito Delivery Service: Order now.
Keywords:

MARC

LEADER 00000cam a2200000 c 4500
001 231205244
003 DE-627
005 20251222210013.0
007 tu
008 970725s1997 fr ||||| 00| ||fre c
010 |a  97167825  
020 |a 2738450873  |9 2-7384-5087-3 
035 |a (DE-627)231205244 
035 |a (DE-576)063009501 
035 |a (DE-599)GBV231205244 
035 |a (OCoLC)833160454 
035 |a (OCoLC)246970480 
035 |a (OCoLC)37465354 
040 |a DE-627  |b ger  |c DE-627  |e rakwb 
041 |a fre 
044 |c XA-FR  |c XD-CA 
050 0 |a HN90.M26 
082 0 |a 305.560973 
082 0 |a 305.5/6/0973 
084 |a 7,26  |2 ssgn 
084 |a 15.87  |2 bkl 
100 1 |a Laberge, Danielle  |4 aut 
245 1 0 |a Marginaux et marginalité  |b les États-Unis aux XVIIIe et XIXe siècles  |c Danielle Laberge 
264 1 |a Paris [u.a.]  |b Éd. l'Harmattan  |c 1997 
300 |a 279 S  |c 22 cm 
336 |a Text  |b txt  |2 rdacontent 
337 |a ohne Hilfsmittel zu benutzen  |b n  |2 rdamedia 
338 |a Band  |b nc  |2 rdacarrier 
490 0 |a Logiques sociales  |a Déviance & société 
500 |a Includes bibliographical references (p. [255]-275) 
583 1 |a Archivierung prüfen  |c 20200919  |f DE-640  |z 2  |2 pdager 
583 1 |a Archivierung prüfen  |c 20240324  |f DE-4165  |z 1  |2 pdager 
650 0 |a Marginality, Social  |x History  |x United States 
650 0 |a People with social disabilities  |x History  |x United States 
856 4 2 |u http://www.gbv.de/dms/spk/sbb/toc/280066961.pdf  |m V:DE-601  |m B:DE-1  |q pdf/application  |x Verlag  |y Inhaltsverzeichnis  |3 Inhaltsverzeichnis  |7 1 
889 |w (DE-627)280066961 
935 |i mdedup 
936 b k |a 15.87  |j USA  |x Geschichte  |0 (DE-627)181569760 
951 |a BO 
ELC |b 1 
LOK |0 000 xxxxxcx a22 zn 4500 
LOK |0 001 3222175691 
LOK |0 003 DE-627 
LOK |0 004 231205244 
LOK |0 005 19971209000000 
LOK |0 008 971209||||||||||||||||ger||||||| 
LOK |0 040   |a DE-21  |c DE-627  |d DE-21 
LOK |0 852   |a DE-21 
LOK |0 852 1  |c KB 19 A 6209  |9 00 
LOK |0 935   |a krim 
LOK |0 936ln  |a k2.3 
LOK |0 939   |a 09-12-97  |b l01 
ORI |a SA-MARC-krimdoka001.raw 
SIG |a UB: KB 19 A 6209